01127 2200313 4500001002100000005001500021035002000036007000300056008004100059040001200100100003700112245007600149250001900225300003700244020002200281082001100303084001700314264004500331336002100376337003000397338002300427520025800450650001400708650001300722850001200735990002200747990002200769990002200791INLIS00000000069892120260105023914 a0010-0126000002ta260105 a 0 ind  aJIPUBAY aMoonbug EntertainmentePengarang1 aCocomelon belajar abc :bbuku mewarnai edukasi /cMoonbug Entertainment aCetakan ketiga a48 halaman :bilustrasi ;c25 cm a978-602-06-7607-4 a372.52 a372.52 MOO c aJakarta :bGramedia Pustaka Utama,c2024 2rdacontentateks 2rdamediaatanpa perantara 2rdacarrieravolume aAyo belajar huruf! Buku mewarnai edukasi ini membantu mengenalkan konsep huruf pada anak. -Alfabet -Mengenal huruf -Mewarnai -Menelusuri huruf Ditemani karakter-karakter Cocomelon, buku ini akan membuat si kecil sibuk! Ayo belajar dan bermain bersama! 4aBuku anak 4aMewarnai aJIPUBAY a02727/DPKBWI/2025 a02728/DPKBWI/2025 a02729/DPKBWI/2025